Name the Celebrites - Statistics

General Stats
  • This quiz has been taken 538 times
  • The average score is 8 of 15
Answer Stats
Picture Answer % Correct
Taylor Swift
94%
Adele
89%
Will Smith
87%
Zendaya
87%
Chris Hemsworth
64%
Emma Stone
64%
Ryan Reynolds
62%
Scarlett Johansson
61%
Chris Pratt
54%
Benedict Cumberbatch
46%
Jennifer Lawrence
32%
Jeremy Renner
32%
Jessica Alba
31%
Amy Adams
25%
Michael Fassbender
14%
No matching quizzes found
Score Distribution
Percent of People with Each Score
Percentile by Number Answered
Your Score History
You have not taken this quiz